000 00410nam a2200145Ia 4500
008 231221s9999 xx 000 0 und d
041 _aEnglish
082 _a001.6424NET DIC;1 R
100 _aDickinson, PaulFerracchiati, FabioclaudioHoffman, Kevin etc..
245 0 _aProfessional ADO.NET with VB.NET
260 _c2002
_bShroff
_aMumbai
300 _axi+593
650 _aADO.NET,VB.NET
942 _cBC
999 _c201929
_d201929